Mini Hidden Letters #4 - Statistics

General Stats
  • This quiz has been taken 32 times
  • The average score is 5 of 6
Answer Stats
Hint Answer % Correct
Country with capital of Reykjavik Iceland
97%
Capital of South Korea Seoul
97%
Country with capital of Muscat Oman
83%
Country with capital of Baku Azerbaijan
79%
HIDDEN WORD: OASIS
62%
Utah's famous lake Salt Lake
59%
No matching quizzes found
Score Distribution
Percent of People with Each Score
Percentile by Number Answered
Your Score History
You have not taken this quiz